000 00318nam a2200121Ia 4500
005 20260328104247.0
008 260328s9999||||xx |||||||||||||| ||und||
100 _aBeylerian, George M.
245 0 _aTransformations /
_cGeorge M. Beylerian
260 _bMaterial Connexion
650 _aDISEÑO INDUSTRIAL
942 _cBK
999 _c10105
_d10105